| 000 | 01103nas a2200301 i 4500 | ||
|---|---|---|---|
| 001 | 2816 | ||
| 003 | ES-MaACL | ||
| 005 | 20250828072458.0 | ||
| 007 | t| | ||
| 008 | 001213c1991 sp t| | 0 ||pa d | ||
| 022 | _a1131-8783 | ||
| 080 | _a(460) | ||
| 080 | _a37 | ||
| 245 | 0 | 0 |
_aRED _b: revista de educación a distancia. |
| 260 |
_aMadrid : _bCentro Nacional de Educación Básica a Distancia : _bInstituto Nacional de Bachillerato a Distancia, _c1991- |
||
| 300 |
_a3 v. ; _c27 cm. |
||
| 310 | _aCuatrimestral | ||
| 362 | 0 | _aN. 1 (mayo 1991)- | |
| 650 | 7 |
_aEducación _2embne _912073 |
|
| 655 | 7 |
_2tgfbne _9226866 _aRevistas |
|
| 710 | 2 |
_aCentro Nacional de Educación Básica a Distancia (España) _92763 |
|
| 710 | 2 |
_aInstituto Nacional de Bachillerato a Distancia (España) _95144 |
|
| 852 |
_aES-MaACL _jHem-1945 _zExpurgado marzo 2025: posterior 1958; sin encuadernar; en acceso abierto |
||
| 856 |
_uhttps://dialnet.unirioja.es/servlet/revista?codigo=5998 _ySumarios de la revista en Dialnet |
||
| 866 | 0 | _o(1991 f.n1)(1992 f.n4)1993-2000. | |
| 942 | _2udc | ||
| 999 |
_c2816 _d2816 |
||